| 000 | 00736nam a2200217 i 4500 | ||
|---|---|---|---|
| 001 | 11322 | ||
| 003 | ES-MaACL | ||
| 005 | 20230906150057.0 | ||
| 008 | 950912s1995 sp a |||| | spa | ||
| 020 | _a84-206-9055-4 | ||
| 080 | _a7.036(460):069.538(460.27 M.) | ||
| 110 | 2 |
_aColección Arte Contemporáneo (Asociación) _9196336 |
|
| 245 | 1 | 0 | _aArte en España, 1918-1994, en la Colección Arte Contemporáneo. |
| 260 |
_aMadrid : _bAlianza Editorial, _c[1995] |
||
| 300 |
_a484 p. : _bil. col. ; _c25 cm. |
||
| 504 | _aBibliografía. | ||
| 610 | 2 | 4 |
_aColección Arte Contemporáneo (Asociación)- _vCatálogos. _9196337 |
| 650 | 4 |
_aArte español- _yS.XX- _vCatálogos. _9169704 |
|
| 852 |
_aES-MaACL _jL-18656 |
||
| 999 |
_c11322 _d11322 |
||